<?xml version="1.0" encoding="UTF-8"?>
<record
    xmlns:xsi="http://www.w3.org/2001/XMLSchema-instance"
    xsi:schemaLocation="http://www.loc.gov/MARC21/slim http://www.loc.gov/standards/marcxml/schema/MARC21slim.xsd"
    xmlns="http://www.loc.gov/MARC21/slim">

  <leader>02277    a2200253   4500</leader>
  <controlfield tag="001">29282</controlfield>
  <controlfield tag="005">20260407155602.0</controlfield>
  <controlfield tag="008">260407a1950    arg                 spa d</controlfield>
  <controlfield tag="003">AR-UNSa-BCEJYS</controlfield>
  <datafield tag="040" ind1=" " ind2=" ">
    <subfield code="a">AR-UNSa-BCEJYS</subfield>
    <subfield code="b">spa</subfield>
    <subfield code="c">AR-UNSa-BCEJYS</subfield>
  </datafield>
  <datafield tag="080" ind1=" " ind2=" ">
    <subfield code="a">657.3</subfield>
    <subfield code="x">Presupuestos. Cierre de Cuentas. Balances (Estados Contables)</subfield>
  </datafield>
  <datafield tag="245" ind1="1" ind2="0">
    <subfield code="a">M&#xE9;todos de verificaci&#xF3;n de balances y revisi&#xF3;n de cuentas</subfield>
  </datafield>
  <datafield tag="264" ind1=" " ind2="1">
    <subfield code="a">Barcelona :</subfield>
    <subfield code="b">Labor</subfield>
    <subfield code="c">1950</subfield>
  </datafield>
  <datafield tag="300" ind1=" " ind2=" ">
    <subfield code="a">531 p.</subfield>
    <subfield code="c">23 cm.</subfield>
  </datafield>
  <datafield tag="505" ind1=" " ind2=" ">
    <subfield code="a">1. El aspirante a contador p&#xFA;blico &#x2013; 2. El contador p&#xFA;blico y su funci&#xF3;n -  3.  Primeros pasos en la profesi&#xF3;n. Ambiente en las oficinas de contadores p&#xFA;blicos &#x2013; 4. Expedientes de las intervenciones &#x2013; 5. Proceso de la revisi&#xF3;n &#x2013; 6. Diferencias en balances de comprobaci&#xF3;n &#x2013; 7. Balances de comprobaci&#xF3;n &#x2013; 8. Proceso de verificaci&#xF3;n. Facturas de venta, devoluciones y bonificaciones &#x2013; 9. Gastos pagados por anticipado &#x2013; 10. Ventas al contado, fondos de caja, saldos en banco &#x2013; 11. Justificantes de pago. An&#xE1;lisis de cuenta  - 12. Razones que aconsejan la verificaci&#xF3;n &#x2013; 13. Informaci&#xF3;n preliminar antes de la verificaci&#xF3;n &#x2013; 14. Estudio del control interno en la empresa &#x2013; 15. Casos particulares y modo de completar la verificaci&#xF3;n &#x2013; 16. Cartera de t&#xED;tulos. Valores inmateriales. Fondos especiales &#x2013; 17. Cuentas personales deudoras &#x2013; 18. Mercanc&#xED;as. Gastos diferidos &#x2013; 19. Activo inmovilizado &#x2013; 20. Cuentas personales acreedoras &#x2013; 21. Reserva. Obligaciones eventuales &#x2013; 22. Verificaci&#xF3;n completa: cuentas de productos &#x2013; 23. Verificaci&#xF3;n completa: cuentas de gastos - 24. Actas. Contratos especiales &#x2013; 25. Balance de situaci&#xF3;n e informe de resultados &#x2013; 26. Certificaci&#xF3;n e informes &#x2013; 27. Contabilidad de sucursales. Sociedades no an&#xF3;nimas. Consolidaci&#xF3;n de cuentas &#x2013; 28. Preparacion de presupuestos de balance y resultados.</subfield>
  </datafield>
  <datafield tag="942" ind1=" " ind2=" ">
    <subfield code="c">BK</subfield>
  </datafield>
  <datafield tag="590" ind1=" " ind2=" ">
    <subfield code="a">niveau_biblio:m niveau_hierar:0</subfield>
  </datafield>
  <datafield tag="100" ind1="1" ind2=" ">
    <subfield code="a">Bacas, Paul E.</subfield>
  </datafield>
  <datafield tag="700" ind1="1" ind2=" ">
    <subfield code="a">Madden, John T.</subfield>
  </datafield>
  <datafield tag="700" ind1="1" ind2=" ">
    <subfield code="a">Sanz Darnis, Luis</subfield>
  </datafield>
  <datafield tag="700" ind1="1" ind2=" ">
    <subfield code="a">Sanz, Angel Andany</subfield>
  </datafield>
  <datafield tag="700" ind1="1" ind2=" ">
    <subfield code="a">Rosenkampff, Arthur Henry</subfield>
  </datafield>
  <datafield tag="856" ind1="4" ind2="1">
    <subfield code="u">https://biblioeco.unsa.edu.ar/pmb/images/libros/Metodos de Verificacion de Balances y Revision de Cuentas-l22889.jpg</subfield>
    <subfield code="y">Imagen de portada</subfield>
    <subfield code="q">image/jpeg</subfield>
  </datafield>
  <datafield tag="999" ind1=" " ind2=" ">
    <subfield code="c">1832</subfield>
    <subfield code="d">1832</subfield>
  </datafield>
  <datafield tag="952" ind1=" " ind2=" ">
    <subfield code="0">0</subfield>
    <subfield code="1">0</subfield>
    <subfield code="4">0</subfield>
    <subfield code="7">0</subfield>
    <subfield code="a">BCEJYS</subfield>
    <subfield code="b">BCEJYS</subfield>
    <subfield code="c">16</subfield>
    <subfield code="d">2026-04-07</subfield>
    <subfield code="l">0</subfield>
    <subfield code="o">657.3 B116</subfield>
    <subfield code="p">L22889</subfield>
    <subfield code="r">2026-04-07 15:56:02</subfield>
    <subfield code="w">2026-04-07</subfield>
    <subfield code="y">L</subfield>
  </datafield>
  <datafield tag="952" ind1=" " ind2=" ">
    <subfield code="0">0</subfield>
    <subfield code="1">0</subfield>
    <subfield code="4">0</subfield>
    <subfield code="7">0</subfield>
    <subfield code="a">BCEJYS</subfield>
    <subfield code="b">BCEJYS</subfield>
    <subfield code="c">16</subfield>
    <subfield code="d">2026-04-07</subfield>
    <subfield code="l">0</subfield>
    <subfield code="o">657.3 B116</subfield>
    <subfield code="p">L22890</subfield>
    <subfield code="r">2026-04-07 15:56:02</subfield>
    <subfield code="w">2026-04-07</subfield>
    <subfield code="y">L</subfield>
  </datafield>
</record>
